Check list of plant and soil nematodes

Gespeichert in:
Bibliographische Detailangaben
1. Verfasser: Armen C Tarjan
Format: Buch
Sprache:Undetermined
Veröffentlicht: Florida University of Florida Press 1960
Schlagworte:
Tags: Tag hinzufügen
Keine Tags, Fügen Sie den ersten Tag hinzu!
Thư viện lưu trữ: Trung tâm Học liệu Trường Đại học Cần Thơ
LEADER 00491nam a2200181Ia 4500
001 CTU_38932
008 210402s9999 xx 000 0 und d
082 |a 595.182 
082 |b T186 
100 |a Armen C Tarjan 
245 0 |a Check list of plant and soil nematodes 
245 0 |c Armen C Tarjan 
260 |a Florida 
260 |b University of Florida Press 
260 |c 1960 
650 |a nematoda 
904 |i Liên, 000515 
980 |a Trung tâm Học liệu Trường Đại học Cần Thơ